00936nam a2200289 a 450000100060000000300080000600500170001400600190003100700150005000800410006502200170010603500210012304000260014405000220017008000060019208200120019811000170021024500680022726000360029530000100033153301640034165000170050565000160052265500270053871000190056585600620058468932FlNmELB20241217142934.0m o d | cr cn|||||||||130619s2004 ag s 000 0 spa d z5731-6680855 a(OCoLC)992026454 aFlNmELBbspacFlNmELB 4aBD35bC691 2004eb a104a1002221 aColegio24hs.10a¿Qué es la filosofía?h[recurso electronico]cColegio24hs. a[S.l.] :bColegio24hs,c[2004?] a33 p. aRecurso electrónico. Santa Fe, Arg.: e-libro, 2015. Disponible vía World Wide Web. El acceso puede estar limitado para las bibliotecas afiliadas a e-libro. 4aFilosofía. 0aPhilosophy. 4aLibros electrónicos.2 ae-libro, Corp.40uhttps://elibro.net/ereader/politecnicointernacional/94585